000 00498nam a2200169Ia 4500
999 _c28328
_d28328
003 OSt
005 20260416152737.0
008 190216s9999||||xx |||||||||||||| ||und||
040 _coclc
082 _a894.8124
_bYAT/M
100 _aYati, Nitya Chaitanya
_96870
245 0 _aMaranamenna Vathilinappuram /
_cNitya Chaithanya Yati
260 _bGreen Books,
_c2002.
_aThrissur:
300 _a152p
650 _aLekhanam
942 _cBK
_2ddc
_h894.8124
_iYAT/M
_k894.8124
_mYAT/M